Word Scramble - European cities - Statistics

General Stats
  • This quiz has been taken 286 times
  • The average score is 23 of 26
Answer Stats
City Answer % Correct
rawwsa Warsaw
100%
vike Kiev
99%
sool Oslo
99%
doonln London
98%
eorm Rome
98%
aosfi Sofia
98%
libner Berlin
97%
kismn Minsk
97%
ilnbud Dublin
96%
dmdari Madrid
96%
cwoosm Moscow
96%
nlaim Milan
95%
urapge Prague
95%
sathne Athens
94%
lhnkseii Helsinki
94%
raspi Paris
94%
coskltomh Stockholm
94%
dsauetbp Budapest
93%
inaenv Vienna
92%
vaneeg Geneva
90%
lsurbess Brussels
87%
pahnoceneg Copenhagen
76%
sadmmtrae Amsterdam
73%
lanaboerc Barcelona
59%
snatilub Istanbul
50%
srrgetbupest StPetersburg
50%
No matching quizzes found
Score Distribution
Percent of People with Each Score
Percentile by Number Answered
Your Score History
You have not taken this quiz